Les principes comptables - Statistiques

Statistiques générales
  • Ce quiz a été pris 33 fois
  • Le résultat moyen est 4 sur 10
Statistiques - réponses
Réponse % Correct
Prudence
87%
Indépendance des exercices
61%
Coût historique
48%
Permanence des méthodes
39%
Intangibilité du bilan d'ouverture
30%
Non compensation
30%
Image fidèle
26%
Sincérité des comptes
26%
Continuité d'exploitation
22%
Régularité des comptes
9%
Aucun quiz correspondant
Distribution des résultats
% des personnes avec chaque résultat
Percentile par nombre de réponses
Votre historique - résultats
Vous n’avez pas pris ce quiz